| 000 | 01067nam a2200325 a 4500 | ||
|---|---|---|---|
| 001 | 4498 | ||
| 003 | UkOxU | ||
| 005 | 20211208233913.0 | ||
| 008 | 131222s1969 enk b 001 0 eng | ||
| 020 | _a0701114614 (hbk.) | ||
| 035 | _a0701114614 | ||
| 040 |
_aDLC _cDLC _dm.c _dm/c _beng |
||
| 041 | _aeng | ||
| 082 |
_a341.52 _bJAP 1969 |
||
| 100 | 1 |
_aJames, Alan, _d1933- _914220 |
|
| 245 | 1 | 4 |
_aThe politics of peace-keeping / _cAlan James. |
| 246 | 1 | _aPolitics of peacekeeping | |
| 260 |
_aLondon : _bChatto & Windus, for the Institute for Strategic Studies, _c1969. |
||
| 300 |
_a[9], 452 p. ; _c23 cm |
||
| 490 | 1 |
_aStudies in international security ; _v12 |
|
| 504 | _aincludes bibliographical references (p. [441]-444) and index. | ||
| 610 | 2 | 0 |
_aUnited Nations _914221 |
| 650 | 0 |
_aArbitration (International law) _911045 |
|
| 830 | 0 |
_v12 _914222 |
|
| 710 | 2 |
_aInternational Institute for Strategic Studies. _914223 |
|
| 830 | 0 |
_aStudies in international security ; _914224 |
|
| 942 |
_2ddc _cBK |
||
| 999 |
_c4498 _d4498 |
||